|
|
|
|
| LEADER |
02369njm a2200421 a 4500 |
| 001 |
000891733 |
| 003 |
CZ BrMZK |
| 005 |
20111206091623.0 |
| 007 |
sd fsngnnmmned |
| 008 |
080403s2008 xr ||n gs cze d |
| 040 |
|
|
|a BOA001
|b cze
|
| 072 |
|
7 |
|a 2-23/-27
|x Bible. Biblistika
|2 Konspekt
|9 5
|
| 080 |
|
|
|a 27-236.5
|2 MRF
|
| 080 |
|
|
|a 27-232/-236
|2 MRF
|
| 080 |
|
|
|a (0:82-32)
|2 MRF
|
| 080 |
|
|
|a (086.7)08
|2 MRF
|
| 080 |
|
|
|a (086.76)
|2 MRF
|
| 245 |
0 |
0 |
|a Bible - Nový zákon :
|b výběr
|h [zvukový záznam]
|
| 260 |
|
|
|a [Praha] :
|b Česká biblická společnost
|c 2007
|
| 300 |
|
|
|a 1 zvuková deska (CD) [80 min] :
|c 12 cm ;
|
| 500 |
|
|
|a Český ekumenický překlad
|
| 500 |
|
|
|a Výběr obsahující jednu kapitolu z každé z 27 knih Nového Zákona
|
| 505 |
0 |
0 |
|t Matouš 2, 1-13 --
|t Matouš 1, 1-28 --
|t Lukáš 23, 1-56 --
|t Jan 20, 1-29 --
|t Skutky apoštolů 17, 1-15 --
|t Římanům 3, 1-31 --
|t První list Korinským 13, 1-13 --
|t Druhý list Korinským 5, 1-21 --
|t Galatským 1, 1-24 --
|t Efezským 3, 1-21 --
|t Filipským 4, 1-9 --
|t Koloským 3, 1-17 --
|t První list Tesalonickým 4, 1-12 --
|t Druhý list Tesalonickým 1, 1-12 --
|t První list Timoteovi 3, 1-16 --
|t Druhý list Timoteovi 2, 1-13 --
|t Titovi 2, 1-15 --
|t Filemonovi 1-25 --
|t Židům 9, 1-14 --
|t List Jakubův 2, 14-26 --
|t První list Petrův 1, 1-21 --
|t Druhý list Petrův 3, 1-13 --
|t První list Janův 5, 1-12 --
|t Druhý list Janův 1-13 --
|t Třetí list Janův 1-15 --
|t List Judův 1-7 --
|t Zjevení Janovo 21, 1-7
|
| 511 |
1 |
|
|a Čte Alfred Strejček, Josef Somr, Taťjana Medvecká, Bořivoj Navrátil, Vladimír Brabec, Miroslav Moravec, Jan Vlasák... [et al.]
|
| 630 |
0 |
7 |
|a Bible.
|p Nový zákon
|7 unn2006374670
|2 czenas
|
| 650 |
0 |
7 |
|a biblické příběhy
|7 ph118858
|2 czenas
|
| 650 |
0 |
7 |
|a biblické texty
|7 ph118860
|2 czenas
|
| 655 |
|
7 |
|a příběhy
|7 fd133204
|2 czenas
|
| 655 |
|
7 |
|a audioknihy
|7 fd119452
|2 czenas
|
| 655 |
|
7 |
|a kompaktní desky
|7 fd201991
|2 czenas
|
| 700 |
1 |
|
|a Strejček, Alfred,
|d 1941-
|7 jn20000710597
|4 nrt
|
| 700 |
1 |
|
|a Somr, Josef,
|d 1934-2022
|7 jn19990009992
|4 crt
|
| 700 |
1 |
|
|a Medvecká, Taťjana,
|d 1953-
|7 jn99240000711
|
| 700 |
1 |
|
|a Navrátil, Bořivoj,
|d 1933-2011
|7 ola200202278
|
| 910 |
2 |
|
|a BOA001
|b CDA-1203.780
|
| 990 |
|
|
|a AV
|
| 991 |
|
|
|b 200811
|
| 996 |
6 |
|
|b 2610342443
|c CDA-1203.780
|l MZK
|r Sklad / do 24 hodin
|n 1
|p p.v.
|w 000891733
|u 000010
|a 1
|e BOA001
|j MZK50
|s P
|